Rock Song To Artist #2 - Statistics

General Stats
  • This quiz has been taken 47 times
  • The average score is 9 of 20
Answer Stats
Hint Answer % Correct
Black Hole Sun Soundgarden
79%
Even Flow Pearl Jam
68%
Bad To The Bone George Thorogood & The Destroyers
58%
Fly Like An Eagle Steve Miller Band
55%
Eruption Van Halen
55%
Sabotage Beastie Boys
50%
When The Levee Breaks Led Zeppelin
50%
About A Girl Nirvana
50%
Waterloo Sunset The Kinks
42%
Nothin' But A Good Time Poison
39%
I Want You (She's So Heavy) The Beatles
39%
Painkiller Judas Priest
37%
Orion Metallica
34%
Closer Nine Inch Nails
34%
21st Century Schizoid Man King Crimson
32%
Jerry Was A Race Car Driver Primus
32%
Rocket Queen Guns N' Roses
29%
Hey Man Nice Shot Filter
26%
Stop Crying Your Heart Out Oasis
26%
Only In Dreams Weezer
16%
No matching quizzes found
Score Distribution
Percent of People with Each Score
Percentile by Number Answered
Your Score History
You have not taken this quiz